000 01554cam a22002294a 4500
005 20250605164050.0
008 250528s ||||||||||||||||||||||||d
035 _a17259
020 _a582277655
040 _aGR-AtMCL
_bgre
_dGR-AtMCL
_eAACR2
245 1 _aIntroduction to International Economics
250 _a1st
260 _bPrentice Hall,
_c1996
300 _a392
520 _aThis book provides a concise, accessible and business-oriented introduction to the key topics in international trade and international finance. Tables, Figures, The International Business Program, Preface, Introduction: Miscellaneous International Economic Questions: An Illustration Based on a Case Study, The World Economy: Key Data and Central Concepts, The Balance of Payments, International Trade Theory, International Production Factors, Direct Investment and Multinational Enterprises, Trade Policy: a Classic Welfare Theory Analysis, Modern Arguments Relating to Protection, Trade Policy and Market Forms: a Micro-Economics Analysis, The Practice of Protection, Business and Government and Lobbying, The Importance of International Capital Flows, The Exchange Rate Explained, Exchange Rate Effects, International Risks: Forms and Cover, International Monetary Cooperation, The International Monetary System and International Debt and Economic Development, Regional Monetary Integration, Index.
700 1 _aJager Henk
_93419
700 1 _aJepma Catrinus J
_93420
700 1 _aKamphuis Elise
_93421
942 _cBK
999 _c2687
_d2687